000 00841cab a2200265 4500
001 ABS59062
008 090401t1998 xxu||||| |||| 00| 0 eng d
035 _a(Sirsi) u87419
041 _aeng
100 _aGreen, D.
245 _aDoing the dirty work
260 _c1998
350 _a0
490 _aSurveyor
_v185(5491) 2 July 1998, 19-21(3)
520 _aDiscusses the process of cleaning up contaminated land, known as bio-remediation, in which nutrients areadded to the soil to speed up the breakdown of oils and other organic pollutants. Compares the process to traditional methods.
650 _aBIO-REMEDIATION
650 _aCONTAMINATED LAND
650 _aLANDFARMING
650 _aLANDFILL SITES
650 _aLANDFILL TAX
650 _aTRANSPORT COSTS
690 _aLAND
942 _n0
948 _c15/07/1998
999 _c55130
_d55130